[Event "Zhukovsky op"]
[Site "Zhukovsky"]
[Date "2014.??.??"]
[Round "2"]
[White "Buchkov, Nikolay"]
[Black "Smirnov, Yury Vladimirovic"]
[Result "1/2-1/2"]
[WhiteElo "1951"]
[BlackElo "2095"]
[PlyCount "135"]
[EventDate "2014.08.08"]
[EventType "swiss"]
[EventRounds "9"]
[EventCountry "RUS"]
[SourceTitle "CBM 162 Extra"]
[Source "ChessBase"]
[SourceDate "2014.10.17"]
[SourceVersion "1"]
[SourceVersionDate "2014.10.17"]
[SourceQuality "1"]

1. d4 d5 2. Nf3 Nf6 3. g3 e6 4. Bg2 c5 5. 0-0 Qb6 6. e3 Nc6 7. b3 cxd4 8. exd4 Bd6 9. Bb2 Qc7 10. Nbd2 0-0 11. c4 Rd8 12. Re1 Bf8 13. a3 g6 14. Qc2 Bg7 15. Rac1 Qb6 16. b4 a6 17. c5 Qc7 18. Ne5 Nxe5 19. dxe5 Ng4 20. Nf3 Bd7 21. h3 Nh6 22. g4 a5 23. Bc3 axb4 24. axb4 Kf8 25. Bf1 Ng8 26. Qb2 Ne7 27. b5 Rdc8 28. Bb4 Ke8 29. Ra1 Ng8 30. Rxa8 Rxa8 31. Ra1 Qb8 32. Bc3 Ra7 33. Bd4 Ra8 34. Nd2 h5 35. Be2 hxg4 36. hxg4 Qd8 37. Kg2 Ne7 38. Nb3 Kf8 39. Qc3 Kg8 40. Na5 Qb8 41. Qb4 Bf8 42. Qc3 Bg7 43. Rc1 Qc7 44. Nxb7 Qxb7 45. c6 Qc8 46. cxd7 Qxd7 47. b6 Nc8 48. Qc7 Nxb6 49. Bxb6 Qa4 50. Bf3 Bh6 51. Be3 Bg7 52. Rb1 Qe8 53. Rb7 Rc8 54. Qd7 Bxe5 55. Qxe8+ Rxe8 56. Be2 Ra8 57. Rb3 Ra4 58. Bf3 Ra8 59. Bc5 Rc8 60. Ba3 Rc2 61. Kf1 Kg7 62. g5 Bd4 63. Be2 Be5 64. Be7 Rc7 65. Bd8 Rd7 66. Bf6+ Bxf6 67. gxf6+ Kxf6 68. Bf3 1/2-1/2

[Event "Zhukovsky op"]
[Site "Zhukovsky"]
[Date "2014.??.??"]
[Round "7"]
[White "Lavrentjeva, Galina"]
[Black "Buchkov, Nikolay"]
[Result "1-0"]
[WhiteElo "2029"]
[BlackElo "1951"]
[PlyCount "73"]
[EventDate "2014.08.08"]
[EventType "swiss"]
[EventRounds "9"]
[EventCountry "RUS"]
[SourceTitle "CBM 162 Extra"]
[Source "ChessBase"]
[SourceDate "2014.10.17"]
[SourceVersion "1"]
[SourceVersionDate "2014.10.17"]
[SourceQuality "1"]

1. e4 d6 2. d4 Nf6 3. Nc3 e5 4. dxe5 dxe5 5. Qxd8+ Kxd8 6. Bg5 Be6 7. 0-0-0+ Bd6 8. f4 Ke8 9. Nf3 Nc6 10. Bb5 Ng4 11. Rhe1 f6 12. h3 fxg5 13. Bxc6+ bxc6 14. Nxg5 Bd7 15. hxg4 Bxg4 16. Rd3 exf4 17. e5 Bc5 18. Nd1 Be7 19. Nf3 Bf5 20. Rc3 Bb4 21. Rxc6 Bxe1 22. Nxe1 Kd7 23. Rc4 g5 24. Nf3 h6 25. Nd4 Be6 26. Rc6 Bd5 27. e6+ Kd8 28. Rc5 Bxg2 29. Nf2 c6 30. Ng4 Ke7 31. Nf5+ Kxe6 32. Re5+ Kd7 33. Re7+ Kd8 34. Ne5 Bd5 35. Rd7+ Ke8 36. Re7+ Kf8 37. Ng6+ 1-0

[Event "Zhukovsky op"]
[Site "Zhukovsky"]
[Date "2012.04.??"]
[Round "1"]
[White "Domnin, Vladimir"]
[Black "Buchkov, Nikolay"]
[Result "1/2-1/2"]
[WhiteElo "1907"]
[BlackElo "1919"]
[PlyCount "52"]
[EventDate "2012.04.??"]
[EventType "swiss"]
[EventRounds "9"]
[EventCountry "RUS"]
[SourceTitle "EXT 2014"]
[Source "ChessBase"]
[SourceDate "2013.11.20"]
[SourceVersion "1"]
[SourceVersionDate "2013.11.20"]
[SourceQuality "1"]

1. d4 Nf6 2. c4 e6 3. Nc3 d5 4. Bg5 Bb4 5. e3 h6 6. Bh4 Nbd7 7. cxd5 exd5 8. Nf3 0-0 9. Bd3 c5 10. 0-0 Bxc3 11. bxc3 g5 12. Bg3 Ne4 13. Bxe4 dxe4 14. Nd2 Qe7 15. Qh5 Kg7 16. Nc4 Qe6 17. Ne5 Nxe5 18. Bxe5+ f6 19. Bg3 cxd4 20. cxd4 Bd7 21. Rfc1 Rac8 22. Qe2 Rxc1+ 23. Rxc1 Rc8 24. Rxc8 Bxc8 25. Qc2 Qc6 26. Qxc6 bxc6 1/2-1/2

[Event "Zhukovsky op"]
[Site "Zhukovsky"]
[Date "2012.04.??"]
[Round "3"]
[White "Yasev, Daniil"]
[Black "Buchkov, Nikolay"]
[Result "0-1"]
[WhiteElo "1758"]
[BlackElo "1919"]
[PlyCount "102"]
[EventDate "2012.04.??"]
[EventType "swiss"]
[EventRounds "9"]
[EventCountry "RUS"]
[SourceTitle "EXT 2014"]
[Source "ChessBase"]
[SourceDate "2013.11.20"]
[SourceVersion "1"]
[SourceVersionDate "2013.11.20"]
[SourceQuality "1"]

1. e4 d6 2. d4 Nf6 3. Nc3 e5 4. dxe5 dxe5 5. Qxd8+ Kxd8 6. a3 Be6 7. Nf3 Nbd7 8. Ng5 Bd6 9. Nxe6+ fxe6 10. Bc4 Ke7 11. f3 c6 12. Be3 b5 13. Be2 h6 14. b4 a5 15. Rb1 axb4 16. axb4 Ra3 17. Bd2 g5 18. 0-0 h5 19. Bxg5 Rxc3 20. Bd3 Ra3 21. Rfd1 Bc7 22. Rd2 h4 23. h3 Raa8 24. Bf1 Bb6+ 25. Kh2 Rag8 26. Rxd7+ Kxd7 27. Bxf6 Rh5 28. Be2 Rf8 29. f4 Rh7 30. Bxe5 Bf2 31. f5 exf5 32. Rd1+ Ke6 33. Bd6 Bg3+ 34. Bxg3 hxg3+ 35. Kxg3 Rg7+ 36. Kh2 fxe4 37. c4 Rf2 38. Bg4+ Ke5 39. cxb5 cxb5 40. Rc1 e3 41. Kg1 Rd2 42. Bf3 Kf4 43. Rf1 Kg3 44. Bg4 Rxg2+ 45. Kh1 Rh2+ 46. Kg1 Rxh3 47. Bxh3 Kxh3+ 48. Kh1 e2 49. Rf3+ Rg3 50. Rxg3+ Kxg3 51. Kg1 e1R# 0-1

[Event "Zhukovsky op"]
[Site "Zhukovsky"]
[Date "2011.02.19"]
[Round "3"]
[White "Kuznetsov, Yuri"]
[Black "Buchkov, Nikolay"]
[Result "1/2-1/2"]
[WhiteElo "2022"]
[BlackElo "1906"]
[PlyCount "105"]
[EventDate "2011.02.17"]
[EventType "swiss"]
[EventRounds "9"]
[EventCountry "RUS"]
[SourceTitle "CBM 141 Extra"]
[Source "ChessBase"]
[SourceDate "2011.05.03"]
[SourceVersion "1"]
[SourceVersionDate "2011.05.03"]
[SourceQuality "1"]

1. d4 e6 2. c4 f5 3. g3 Nf6 4. Bg2 c6 5. Nf3 Bb4+ 6. Bd2 Be7 7. 0-0 0-0 8. e3 d5 9. b3 Ne4 10. Bc1 Nd7 11. Ba3 Bxa3 12. Nxa3 Qa5 13. Nb1 Ndf6 14. Nfd2 Bd7 15. Qc2 h6 16. f3 Nxd2 17. Nxd2 Rad8 18. Rfd1 Be8 19. c5 Qc7 20. Qb2 Bg6 21. b4 a6 22. a4 Rfe8 23. f4 Ng4 24. Qc3 Bh5 25. Rdb1 Ra8 26. Nf3 Qe7 27. h3 Nf6 28. Ne5 Ne4 29. Qe1 g5 30. g4 fxg4 31. hxg4 Bf7 32. Bxe4 dxe4 33. Rb2 Kg7 34. Qg3 Rh8 35. Rh2 Bg6 36. Rf1 Raf8 37. Rhf2 Be8 38. f5 exf5 39. Rxf5 Rxf5 40. Rxf5 Qe6 41. Qe1 Rf8 42. Rxf8 Kxf8 43. a5 Kg7 44. Kg2 Qb3 45. Kg3 Qe6 46. Qh1 Bg6 47. Kg2 Qd5 48. Qf1 Qe6 49. Qc4 Bf7 50. Qxe6 Bxe6 51. Kg3 Kf6 52. Kg2 Ke7 53. Kg3 1/2-1/2

[Event "Zhukovsky-A 02"]
[Site "Zhukovsky"]
[Date "2011.02.09"]
[Round "4"]
[White "Buchkov, Nikolay"]
[Black "Ershov, Aleksey"]
[Result "1/2-1/2"]
[WhiteElo "1906"]
[BlackElo "1779"]
[PlyCount "40"]
[EventDate "2011.02.09"]
[EventType "swiss"]
[EventRounds "9"]
[EventCountry "RUS"]
[SourceTitle "EXT 2022"]
[Source "ChessBase"]
[SourceDate "2021.10.06"]
[SourceVersion "1"]
[SourceVersionDate "2021.10.06"]
[SourceQuality "1"]

1. e4 d6 2. d4 Nf6 3. Nc3 g6 4. Nf3 Nbd7 5. Bc4 Bg7 6. 0-0 0-0 7. h3 c6 8. Be3 b5 9. Bd3 a5 10. a3 Nb6 11. Re1 Qc7 12. Bf4 Bd7 13. e5 Nfd5 14. Nxd5 Nxd5 15. Bg3 c5 16. dxc5 Qxc5 17. exd6 exd6 18. c3 Be6 19. Rc1 Qb6 20. Qe2 Rab8 1/2-1/2

[Event "Zhukovsky-A 02"]
[Site "Zhukovsky"]
[Date "2011.02.09"]
[Round "9"]
[White "Buchkov, Nikolay"]
[Black "Guseynov, Vafadar"]
[Result "0-1"]
[WhiteElo "1906"]
[BlackElo "1885"]
[PlyCount "100"]
[EventDate "2011.02.09"]
[EventType "swiss"]
[EventRounds "9"]
[EventCountry "RUS"]
[SourceTitle "EXT 2022"]
[Source "ChessBase"]
[SourceDate "2021.10.06"]
[SourceVersion "1"]
[SourceVersionDate "2021.10.06"]
[SourceQuality "1"]

1. e4 c5 2. c3 Nc6 3. d4 cxd4 4. cxd4 d6 5. Nf3 Bg4 6. Be2 Nf6 7. Nc3 g6 8. 0-0 Bg7 9. Be3 0-0 10. h3 Bd7 11. d5 Ne5 12. Nxe5 dxe5 13. Rc1 a6 14. f4 Ne8 15. fxe5 Bxe5 16. Bh6 Qb6+ 17. Kh1 Ng7 18. Qd2 f5 19. Bf4 Qf6 20. Bg5 Qd6 21. exf5 Nxf5 22. Ne4 Ng3+ 23. Nxg3 Bxg3 24. Rf3 Rf5 25. Rxf5 Bxf5 26. Bc4 Re8 27. Rf1 e5 28. dxe6 Qxd2 29. e7+ Kg7 30. Bxd2 Rxe7 31. Bc3+ Be5 32. Re1 Kf6 33. g4 Bd7 34. g5+ Kf5 35. Bd3+ Kf4 36. Bd2+ Kg3 37. Rg1+ Kf2 38. Rf1+ Kg3 39. Rg1+ Kf2 40. Rg2+ Kf3 41. Be2+ Ke4 42. Bb4 Re8 43. Bc4 Bc6 44. Rg4+ Ke3+ 45. Kg1 Rd8 46. Bb3 Bxb2 47. Bc5+ Kf3 48. Bf2 Be5 49. Bc2 Rd2 50. Bb3 Rxf2 0-1

[Event "Zhukovsky-A 02"]
[Site "Zhukovsky"]
[Date "2011.02.09"]
[Round "2"]
[White "Ibragimov, Ali"]
[Black "Buchkov, Nikolay"]
[Result "1-0"]
[WhiteElo "2091"]
[BlackElo "1906"]
[PlyCount "47"]
[EventDate "2011.02.09"]
[EventType "swiss"]
[EventRounds "9"]
[EventCountry "RUS"]
[SourceTitle "EXT 2022"]
[Source "ChessBase"]
[SourceDate "2021.10.06"]
[SourceVersion "1"]
[SourceVersionDate "2021.10.06"]
[SourceQuality "1"]

1. c4 Nf6 2. Nf3 e6 3. g3 b6 4. Bg2 Bb7 5. d4 d5 6. 0-0 Be7 7. Ne5 Nbd7 8. Nc3 0-0 9. f4 c5 10. e3 a6 11. g4 Rc8 12. g5 Ne8 13. cxd5 Nxe5 14. dxe5 exd5 15. Bxd5 Bxd5 16. Qxd5 Nc7 17. Qg2 g6 18. Bd2 b5 19. Rad1 Ne6 20. Nd5 Ng7 21. Ba5 Qe8 22. Qh3 Rc6 23. Bc7 Rxc7 24. Nxc7 1-0

[Event "Moscow op-E"]
[Site "Moscow"]
[Date "2011.02.03"]
[Round "6.242"]
[White "Rukavishnikov, Vladimir"]
[Black "Buchkov, Nikolay"]
[Result "1-0"]
[WhiteElo "1991"]
[BlackElo "1906"]
[PlyCount "53"]
[EventDate "2011.01.29"]
[EventType "swiss"]
[EventRounds "9"]
[EventCountry "RUS"]
[SourceTitle "EXT 2022"]
[Source "ChessBase"]
[SourceDate "2021.10.06"]
[SourceVersion "1"]
[SourceVersionDate "2021.10.06"]
[SourceQuality "1"]

1. d4 f5 2. g4 e6 3. gxf5 exf5 4. Bf4 Nf6 5. e3 c6 6. Bd3 d5 7. Nf3 Bd6 8. Be5 Qe7 9. Nbd2 Bxe5 10. Nxe5 g6 11. Qe2 Nbd7 12. Ndf3 a5 13. 0-0-0 Nxe5 14. Nxe5 Nd7 15. Nxd7 Bxd7 16. h4 0-0-0 17. Qd2 Qb4 18. c3 Qb6 19. c4 Be6 20. c5 Qc7 21. Kb1 Kd7 22. Rdg1 b6 23. h5 bxc5 24. dxc5 Bf7 25. Qc3 Rhe8 26. hxg6 Bxg6 27. Rxg6 1-0

[Event "Moscow op-E"]
[Site "Moscow"]
[Date "2011.02.01"]
[Round "4.3"]
[White "Dyachkov, Oleg"]
[Black "Buchkov, Nikolay"]
[Result "1/2-1/2"]
[WhiteElo "1812"]
[BlackElo "1906"]
[PlyCount "26"]
[EventDate "2011.01.29"]
[EventType "swiss"]
[EventRounds "9"]
[EventCountry "RUS"]
[SourceTitle "EXT 2022"]
[Source "ChessBase"]
[SourceDate "2021.10.06"]
[SourceVersion "1"]
[SourceVersionDate "2021.10.06"]
[SourceQuality "1"]

1. e4 c5 2. c3 d5 3. exd5 Qxd5 4. d4 Nf6 5. Nf3 Bg4 6. Nbd2 cxd4 7. Qa4+ Nc6 8. Bc4 Qd8 9. Nxd4 Bd7 10. Nxc6 Bxc6 11. Bb5 Qd7 12. Bxc6 Qxc6 13. Qxc6+ bxc6 1/2-1/2

[Event "Moscow op-E"]
[Site "Moscow"]
[Date "2011.01.30"]
[Round "2.160"]
[White "Tleptsok, Ruslan Aslanovich"]
[Black "Buchkov, Nikolay"]
[Result "1-0"]
[WhiteElo "2326"]
[BlackElo "1906"]
[PlyCount "63"]
[EventDate "2011.01.29"]
[EventType "swiss"]
[EventRounds "9"]
[EventCountry "RUS"]
[SourceTitle "EXT 2022"]
[Source "ChessBase"]
[SourceDate "2021.10.06"]
[SourceVersion "1"]
[SourceVersionDate "2021.10.06"]
[SourceQuality "1"]

1. e4 d6 2. d4 Nf6 3. Nc3 g6 4. f4 Bg7 5. Nf3 0-0 6. e5 dxe5 7. fxe5 Nd5 8. Bc4 c6 9. 0-0 Nxc3 10. bxc3 e6 11. Bg5 Qc7 12. Qe1 a5 13. Qh4 b5 14. Bd3 b4 15. Be7 Re8 16. Ng5 h6 17. Nxf7 Qxe7 18. Nxh6+ Bxh6 19. Qxh6 Qg7 20. Qg5 Nd7 21. Bxg6 Rf8 22. Qg4 Ba6 23. Qxe6+ Kh8 24. Bf7 Bxf1 25. Rxf1 Ra7 26. Rf5 Nf6 27. Rxf6 Raxf7 28. Rh6+ Kg8 29. Rg6 Kh7 30. Rxg7+ Kxg7 31. h4 Rf1+ 32. Kh2 1-0

[Event "Moscow op-E"]
[Site "Moscow"]
[Date "2011.01.29"]
[Round "1.134"]
[White "Buchkov, Nikolay"]
[Black "Kozlov, Vladimir N"]
[Result "0-1"]
[WhiteElo "1906"]
[BlackElo "2297"]
[PlyCount "77"]
[EventDate "2011.01.29"]
[EventType "swiss"]
[EventRounds "9"]
[EventCountry "RUS"]
[SourceTitle "EXT 2022"]
[Source "ChessBase"]
[SourceDate "2021.10.06"]
[SourceVersion "1"]
[SourceVersionDate "2021.10.06"]
[SourceQuality "1"]

1. e4 c5 2. Nf3 d6 3. d4 cxd4 4. Nxd4 Nf6 5. Nc3 Nc6 6. Bb5 Bd7 7. 0-0 g6 8. h3 Bg7 9. Nxc6 bxc6 10. Bd3 0-0 11. Be3 Rb8 12. Rb1 Rb7 13. Qe2 Qa5 14. Ba6 Rc7 15. Bd2 Qb6 16. Rfd1 Be6 17. b3 Nd7 18. Na4 Qb8 19. Ba5 Nb6 20. Qe3 c5 21. Nc3 Bd4 22. Qe2 Rd7 23. Bb5 Rdd8 24. Nd5 Bxd5 25. exd5 Nxd5 26. Bxd8 Qxd8 27. Rd3 Nf4 28. Qf3 Nxd3 29. Qxd3 e6 30. Rd1 Qf6 31. Qe2 h5 32. Rd3 h4 33. Rf3 Qg5 34. Bd3 d5 35. g3 hxg3 36. Kg2 gxf2+ 37. Rg3 Qc1 38. Rxg6+ fxg6 39. Qxe6+ 0-1

[Event "Zhukovsky op 05"]
[Site "Zhukovsky"]
[Date "2011.??.??"]
[Round "7"]
[White "Buchkov, Nikolay"]
[Black "Ibragimov, Ali"]
[Result "0-1"]
[WhiteElo "1906"]
[BlackElo "2091"]
[PlyCount "105"]
[EventDate "2011.05.15"]
[EventType "swiss"]
[EventRounds "9"]
[EventCountry "RUS"]
[SourceTitle "EXT 2012"]
[Source "ChessBase"]
[SourceDate "2011.11.24"]
[SourceVersion "1"]
[SourceVersionDate "2011.11.24"]
[SourceQuality "1"]

1. e4 d6 2. d4 Nf6 3. Bd3 g6 4. c3 Bg7 5. f4 0-0 6. Nf3 Nbd7 7. 0-0 e5 8. fxe5 dxe5 9. dxe5 Ng4 10. Bf4 Ndxe5 11. Nxe5 Nxe5 12. Bc2 Qe7 13. Nd2 Bg4 14. Qe1 Rad8 15. h3 Bd7 16. Qg3 Bb5 17. Rfe1 Nd3 18. Bxd3 Rxd3 19. Qf2 Rfd8 20. a4 Ba6 21. Rac1 b6 22. a5 Be5 23. Bxe5 Qxe5 24. Nf3 Qf4 25. axb6 axb6 26. e5 Bb7 27. Nd4 Qxf2+ 28. Kxf2 Rd2+ 29. Re2 Rxe2+ 30. Nxe2 Re8 31. Ra1 Rxe5 32. Ra7 Bxg2 33. Nf4 Bh1 34. Rxc7 Kg7 35. b4 h5 36. c4 h4 37. c5 bxc5 38. bxc5 Rf5 39. Ke3 g5 40. Ne6+ Kf6 41. Nd8 Rf3+ 42. Ke2 Kg6 43. c6 Rxh3 44. Re7 Rc3 45. c7 h3 46. Kd2 Rc5 47. Rxf7 h2 48. Rf2 Bg2 49. Rxg2 h1Q 50. Rxg5+ Rxg5 51. c8Q Rd5+ 52. Kc2 Qd1+ 53. Kb2 0-1

[Event "Zhukovsky op 05"]
[Site "Zhukovsky"]
[Date "2011.??.??"]
[Round "1"]
[White "Buchkov, Nikolay"]
[Black "Nekrasov, Evgeny G"]
[Result "1/2-1/2"]
[WhiteElo "1906"]
[BlackElo "2078"]
[PlyCount "157"]
[EventDate "2011.05.15"]
[EventType "swiss"]
[EventRounds "9"]
[EventCountry "RUS"]
[SourceTitle "EXT 2012"]
[Source "ChessBase"]
[SourceDate "2011.11.24"]
[SourceVersion "1"]
[SourceVersionDate "2011.11.24"]
[SourceQuality "1"]

1. e4 e6 2. d4 b6 3. Bd3 Bb7 4. f4 f5 5. Qe2 fxe4 6. Bxe4 Bxe4 7. Qxe4 Nc6 8. Nf3 Nf6 9. Qe2 Be7 10. 0-0 0-0 11. c4 Qe8 12. Nc3 Qh5 13. a3 Ng4 14. h3 Nh6 15. Ne5 Qxe2 16. Nxe2 Nxe5 17. fxe5 Rxf1+ 18. Kxf1 Rf8+ 19. Kg1 Nf5 20. Bd2 g6 21. Rf1 Bh4 22. g4 Ne7 23. Rxf8+ Kxf8 24. Kg2 Nc6 25. b4 Be7 26. Kf3 Nd8 27. Ke4 a6 28. Nc1 Nf7 29. Ne2 c6 30. d5 Bg5 31. dxc6 dxc6 32. Be1 Ke7 33. h4 Bh6 34. Bf2 b5 35. cxb5 cxb5 36. Bd4 Kd7 37. Bb2 Bf8 38. Nd4 Nh6 39. Kf4 Nf7 40. Nf3 Be7 41. Ke4 Kc6 42. Bc3 Kd7 43. Be1 Kc6 44. Bf2 Nh6 45. Nd4+ Kd7 46. Kf4 Nf7 47. Nb3 Kc6 48. Ke4 Nh6 49. Na5+ Kc7 50. Kf3 Nf7 51. Bg3 Kb6 52. Nb3 Kc7 53. Nd4 Kd7 54. g5 Nd8 55. Ke4 Nc6 56. Nc2 Bf8 57. Bf2 Bg7 58. Bg3 Bf8 59. Be1 Ne7 60. Ne3 Bg7 61. Ng4 Nc6 62. Nf6+ Bxf6 63. exf6 Ke8 64. Bc3 Kf8 65. Kf4 Ke8 66. Kg4 Kf7 67. h5 Ke8 68. hxg6 hxg6 69. Kf4 Kf7 70. Ke4 Ke8 71. Kd3 Kf7 72. Kc2 Ke8 73. Kb3 Kf7 74. a4 Ke8 75. axb5 axb5 76. Kc2 Kf7 77. Kd3 Ke8 78. Ke3 Kf7 79. Ke4 1/2-1/2

[Event "Zhukovsky op-B 05"]
[Site "Zhukovsky"]
[Date "2010.05.14"]
[Round "4"]
[White "Buchkov, Nikolay"]
[Black "Shebchenko, Vladimir"]
[Result "1-0"]
[WhiteElo "1880"]
[BlackElo "1942"]
[PlyCount "95"]
[EventDate "2010.05.14"]
[EventType "swiss"]
[EventRounds "9"]
[EventCountry "RUS"]
[SourceTitle "EXT 2022"]
[Source "ChessBase"]
[SourceDate "2021.10.06"]
[SourceVersion "1"]
[SourceVersionDate "2021.10.06"]
[SourceQuality "1"]

1. e4 c5 2. c3 d5 3. exd5 Qxd5 4. d4 e5 5. dxe5 Qxe5+ 6. Be3 Bd6 7. Nf3 Qe7 8. Bb5+ Nd7 9. 0-0 a6 10. Bxc5 Bxh2+ 11. Kxh2 Qxc5 12. Re1+ Ne7 13. Re5 Qc7 14. Bxd7+ Bxd7 15. Kg1 Be6 16. Qe2 Nc6 17. Re3 0-0 18. Nbd2 Rad8 19. Ng5 Bf5 20. Re1 Bg6 21. Nb3 h6 22. Nf3 Rd5 23. Qc4 Rfd8 24. Nbd4 Qf4 25. Qb3 Nxd4 26. Nxd4 Rh5 27. Qxb7 Rb8 28. Qxb8+ Qxb8 29. Re8+ Qxe8 30. Rxe8+ Kh7 31. f3 Ra5 32. a3 Bd3 33. Rb8 g5 34. Kf2 Kg6 35. Rb6+ f6 36. Nc6 Rb5 37. Rxb5 axb5 38. Nd4 f5 39. b3 f4 40. a4 bxa4 41. bxa4 h5 42. a5 g4 43. Ne6 g3+ 44. Ke1 Kf5 45. Nc7 Be4 46. fxe4+ Kxe4 47. a6 f3 48. a7 1-0

[Event "Zhukovsky op-B 05"]
[Site "Zhukovsky"]
[Date "2010.05.14"]
[Round "8"]
[White "Buchkov, Nikolay"]
[Black "Shvetzov, Mikhail"]
[Result "1/2-1/2"]
[WhiteElo "1880"]
[BlackElo "1770"]
[PlyCount "89"]
[EventDate "2010.05.14"]
[EventType "swiss"]
[EventRounds "9"]
[EventCountry "RUS"]
[SourceTitle "EXT 2022"]
[Source "ChessBase"]
[SourceDate "2021.10.06"]
[SourceVersion "1"]
[SourceVersionDate "2021.10.06"]
[SourceQuality "1"]

1. e4 e5 2. Bc4 Nc6 3. Nf3 Nf6 4. d3 d6 5. h3 Be7 6. Be3 0-0 7. 0-0 Na5 8. Nbd2 Nxc4 9. Nxc4 b5 10. Ncd2 h6 11. c3 Bb7 12. Qb3 Qd7 13. Nh2 d5 14. exd5 Bxd5 15. Qc2 Qc6 16. Nhf3 Nd7 17. d4 Bd6 18. dxe5 Nxe5 19. Nd4 Qb7 20. f4 Ng6 21. N2b3 Be4 22. Qf2 Rae8 23. Rfe1 a6 24. Na5 Qa8 25. a4 b4 26. Nc4 Be7 27. g3 h5 28. f5 Bd3 29. Nd2 Ne5 30. Kh2 h4 31. Rg1 Bd6 32. Bf4 bxc3 33. bxc3 Qd5 34. Rae1 c5 35. N4f3 Nxf3+ 36. Nxf3 hxg3+ 37. Qxg3 Bxf4 38. Qxf4 Rxe1 39. Rxg7+ Kxg7 40. Qg5+ Kh7 41. Qh5+ Kg8 42. Qg4+ Kh7 43. Qh4+ Kg7 44. Qg4+ Kh7 45. Qh4+ 1/2-1/2

[Event "Zhukovsky op-B 05"]
[Site "Zhukovsky"]
[Date "2010.05.14"]
[Round "1"]
[White "Kochetkov, Sergey"]
[Black "Buchkov, Nikolay"]
[Result "0-1"]
[WhiteElo "1629"]
[BlackElo "1880"]
[PlyCount "120"]
[EventDate "2010.05.14"]
[EventType "swiss"]
[EventRounds "9"]
[EventCountry "RUS"]
[SourceTitle "EXT 2022"]
[Source "ChessBase"]
[SourceDate "2021.10.06"]
[SourceVersion "1"]
[SourceVersionDate "2021.10.06"]
[SourceQuality "1"]

1. e4 c5 2. Nf3 Nc6 3. d4 cxd4 4. Nxd4 g6 5. Nc3 Bg7 6. Be3 a6 7. a3 Nf6 8. Bd3 Ne5 9. Be2 d6 10. 0-0 0-0 11. h3 Bd7 12. Qd2 Rc8 13. Bh6 Nc4 14. Bxc4 Rxc4 15. Bxg7 Kxg7 16. b3 Rc8 17. f4 Qc7 18. Rf3 e5 19. Nde2 Qc5+ 20. Kh1 Bc6 21. Qd3 Rcd8 22. b4 Qb6 23. f5 d5 24. exd5 e4 25. Nxe4 Bxd5 26. Nxf6 Qxf6 27. Raf1 Bxf3 28. Qxf3 Rd2 29. c4 Rfd8 30. Nf4 R8d4 31. fxg6 Kh8 32. gxh7 Qg7 33. Nh5 Qg6 34. Re1 Kxh7 35. Nf6+ Kg7 36. Ng4 Qc6 37. Qg3 R4d3 38. Qe5+ Kg6 39. Qe4+ Qxe4 40. Rxe4 Rg3 41. Ne3 Re2 42. Rg4+ Rxg4 43. Nxg4 f5 44. Nh2 Ra2 45. Nf3 Rxa3 46. Ne5+ Kf6 47. Nd7+ Ke7 48. Nc5 b6 49. Nb7 Rb3 50. c5 Rxb4 51. cxb6 Rxb6 52. Na5 Kf6 53. Kg1 Rb1+ 54. Kf2 Ra1 55. Nb3 Ra3 56. Nd4 a5 57. Nb5 Ra2+ 58. Kf3 a4 59. g3 a3 60. Ke3 Ra1 0-1

[Event "Zhukovsky op-B 05"]
[Site "Zhukovsky"]
[Date "2010.05.14"]
[Round "6"]
[White "Leschenko, Wjatcheslaw"]
[Black "Buchkov, Nikolay"]
[Result "0-1"]
[WhiteElo "1625"]
[BlackElo "1880"]
[PlyCount "110"]
[EventDate "2010.05.14"]
[EventType "swiss"]
[EventRounds "9"]
[EventCountry "RUS"]
[SourceTitle "EXT 2022"]
[Source "ChessBase"]
[SourceDate "2021.10.06"]
[SourceVersion "1"]
[SourceVersionDate "2021.10.06"]
[SourceQuality "1"]

1. Nf3 Nf6 2. c3 e6 3. Qa4 Be7 4. d3 a6 5. e4 b5 6. Qc2 Bb7 7. Be2 c5 8. h3 h6 9. Nbd2 Nc6 10. Nf1 Rc8 11. Ng3 d5 12. 0-0 dxe4 13. dxe4 0-0 14. Bf4 Qb6 15. Nh2 b4 16. Bf3 c4 17. Qc1 Kh7 18. e5 Ng8 19. Ng4 f5 20. exf6 Nxf6 21. Qc2+ Kh8 22. Qg6 Nxg4 23. Qxg4 e5 24. Be3 Bc5 25. Nh5 Rc7 26. Qg6 Rxf3 27. Bxc5 Qxc5 28. gxf3 Qf8 29. Kh2 Qxf3 30. Qg4 Nd8 31. cxb4 Qf7 32. Ng3 Ne6 33. Ne4 Nd4 34. Nd6 Nf3+ 35. Kg3 Qf4+ 36. Qxf4 exf4+ 37. Kxf4 Bc6 38. Rac1 g5+ 39. Kg3 h5 40. Rfd1 h4+ 41. Kg4 Rg7 42. Rc3 Ne5+ 43. Kf5 Nf3 44. Rxc4 Bd7+ 45. Kf6 Kh7 46. Rc7 Rg6+ 47. Ke7 Ne5 48. Rxd7 Rg7+ 49. Ke6 Nxd7 50. Ne8 Nf8+ 51. Kf5 Rf7+ 52. Kg4 Ne6 53. Nf6+ Rxf6 54. Rd7+ Kg6 55. Rd6 Rf4# 0-1

[Event "Zhukovsky-chB"]
[Site "Zhukovsky"]
[Date "2010.04.01"]
[Round "9"]
[White "Shvetzov, Mikhail"]
[Black "Buchkov, Nikolay"]
[Result "0-1"]
[WhiteElo "1801"]
[BlackElo "1869"]
[PlyCount "100"]
[EventDate "2010.04.01"]
[EventType "swiss"]
[EventRounds "9"]
[EventCountry "RUS"]
[SourceTitle "EXT 2022"]
[Source "ChessBase"]
[SourceDate "2021.10.06"]
[SourceVersion "1"]
[SourceVersionDate "2021.10.06"]
[SourceQuality "1"]

1. e4 c5 2. Nf3 Nc6 3. Nc3 a6 4. g3 e6 5. Bg2 Nge7 6. 0-0 Ng6 7. d3 Be7 8. Ne1 0-0 9. Be3 f5 10. Qd2 Nge5 11. f3 d5 12. Ne2 d4 13. Bf2 Ng6 14. f4 e5 15. Kh1 exf4 16. Nxf4 Bg5 17. Bg1 Nce5 18. c3 h5 19. cxd4 cxd4 20. Nf3 Nxf3 21. Rxf3 h4 22. Raf1 Ne5 23. R3f2 hxg3 24. hxg3 Ng4 25. Re2 Qd6 26. Bf3 Qh6+ 27. Kg2 fxe4 28. Rxe4 Ne3+ 29. Bxe3 dxe3 30. Qxe3 Bh3+ 31. Kf2 Bxf4 32. Rxf4 Rxf4 33. gxf4 Qh4+ 34. Ke2 Bxf1+ 35. Kxf1 Rf8 36. Bxb7 Rxf4+ 37. Bf3 Qh1+ 38. Ke2 Qh2+ 39. Kd1 Rf8 40. Be2 Rf6 41. Qe8+ Kh7 42. Qe4+ Rg6 43. d4 Kh6 44. Qe3+ Rg5 45. Bxa6 Qxb2 46. Qe6+ g6 47. Qh3+ Rh5 48. Qe3+ Kg7 49. Qe7+ Kh8 50. Qe5+ Rxe5 0-1

[Event "Ramenskoe"]
[Site "Ramenskoe"]
[Date "2010.04.??"]
[Round "3"]
[White "Poplevin, Alexander"]
[Black "Buchkov, Nikolay"]
[Result "1-0"]
[WhiteElo "2101"]
[BlackElo "1869"]
[PlyCount "43"]
[EventDate "2010.04.??"]
[EventType "swiss"]
[EventRounds "9"]
[EventCountry "RUS"]
[SourceTitle "EXT 2012"]
[Source "ChessBase"]
[SourceDate "2011.11.24"]
[SourceVersion "1"]
[SourceVersionDate "2011.11.24"]
[SourceQuality "1"]

1. c4 e6 2. e4 c5 3. Nc3 Nc6 4. f4 a6 5. Nf3 Be7 6. g3 h5 7. h3 b6 8. Bg2 Bb7 9. d3 h4 10. g4 Qc7 11. Be3 f6 12. Qd2 Nh6 13. Nxh4 0-0-0 14. Ng6 Rhg8 15. 0-0-0 Rge8 16. Qf2 e5 17. Nd5 Qd6 18. Nxb6+ Kb8 19. Nxe7 Nxe7 20. Bxc5 Qc6 21. Nd5 Nxd5 22. exd5 1-0